000 00331nam a2200133Ia 4500
008 240624s9999 xx 000 0 und d
041 _aeng
082 _a332.6092 DER
100 _aDERMAN EMANUEL
245 _aMY LIFE AS A QUANT REFLECTIONS ON PHYSIC
260 _c2007
_aNew Jersey
_bWiley
300 _a292 : p.
365 _c
_b25
999 _c16962
_d16962